AIRPORT CODES ASSESSMENT 2 Quiz Stats

 Plays Quiz not verified by Sporcle

Challenge
Share
Tweet
Embed
Score 0/115 Timer 20:00
0 Plays Today
Hint Answer % Correct
Albuquerque, New MexicoABQ
93.1%
Anchorage, AlaskaANC
93.1%
Acapulco, MexicoACA
86.1%
Austin, TexasAUS
86.1%
Denver, ColoradoDEN
86.1%
Boise, IdahoBOI
84.7%
Dayton, OhioDAY
83.3%
Houston, TexasHOU
83.3%
Nassau, BahamasNAS
83.3%
Pittsburgh, Philadelphia PIT
83.3%
Cleaveland, OhioCLE
81.9%
Omaha, NebraskaOMA
81.9%
Fort Lauderdale, FloridaFLL
80.6%
Honolulu, Oahu, HawaiiHNL
80.6%
Indianapolis, IndianaIND
80.6%
Jacksonville FloridaJAX
80.6%
Las Vegas, NevadaLAS
80.6%
Oakland, CaliforniaOAK
80.6%
San Diego, CalifoniaSAN
80.6%
Orlando, FloridaMCO
79.2%
Mobile, AlabamaMOB
79.2%
Phoenix, ArizonaPHX
79.2%
Lima, PeruLIM
77.8%
Bogota, ColumbiaBOG
76.4%
Laguardia, New YorkLGA
76.4%
Miami, FloridaMIA
76.4%
Bismarck, North DakotaBIS
75%
Baltimore, MarylandBWI
75%
Ronald Reagan, National AirportDCA
75%
Lexington, KentuckyLEX
75%
Rochester, New YorkROC
75%
Savannah, GeorgiaSAV
75%
St. Louis, MissouriSTL
75%
Charlotte, North CarloinaCLT
73.6%
Des Moines, IowaDSM
73.6%
Fargo, North DakotaFAR
73.6%
Guatemala City, GuatemalaGUA
73.6%
Jackson Hole, WyomingJAC
73.6%
Little Rock, ArkansasLIT
73.6%
Hint Answer % Correct
Tulsa, OklahomaTUL
73.6%
Cancun, MexicoCUN
72.2%
Oklahoma City, OklahomaOKC
72.2%
San Juan, Puerto RicoSJU
72.2%
Nashville, Tennessee BNA
70.8%
Kingston, JamaicaKIN
70.8%
New Orleans, LouisianaMSY
70.8%
Ontario, CanadaONT
70.8%
Richmond, VirginaRIC
70.8%
San Antonio, TexasSAT
70.8%
Toledo, OhioTOL
70.8%
Baton Rouge, LouisianaBTR
69.4%
Birmingham, AlabamaBHM
68.1%
Colorado Springs, ColoradoCOS
68.1%
Reno, NevadaRNO
68.1%
Milwaukee, WisconsinMKE
66.7%
Raleigh / Durham, North CarolinaRDU
66.7%
Kansas City, MissouriMCI
65.3%
Providence, Rhode IslandPVD
65.3%
West Palm Beach, FloridaPBI
63.9%
Tucson, ArizonaTUS
63.9%
Grand Rapids, MichiganGRR
62.5%
Hartford, ConneticutBDL
61.1%
Charleston, North CarloinaCHS
61.1%
Santa Ana / Orange County, CaliforniaSNA
61.1%
Norfolk, VirginaORF
59.7%
Pensacola, FloridaPNS
59.7%
Rapid City, South DakotaRAP
59.7%
Daytona Beach, FloridaDAB
58.3%
Wichita, KansasICT
58.3%
Jackson, MississipiJAN
58.3%
San Jose, Costa RicaSJO
58.3%
Caracas, VenezuelaCCS
56.9%
Montgomery, AlabamaMGM
56.9%
Kahului, Maui, HawaiiOGG
56.9%
Bozeman, MontanaBZN
55.6%
Hibbing, Chisholm, MinnesotaHIB
54.2%
Shreveport, LouisianaSHV
54.2%
St. Thomas, Virgin IslandsSTT
52.8%
Hint Answer % Correct
AntiguaANU
51.4%
Burlington, VermontBTV
51.4%
Ministro Pistarini(Buenos Aires)EZE
51.4%
Montego Bay, JamaicaMBJ
51.4%
Fort Myers, FloridaRSW
51.4%
Spokane, WashingtonGEG
50%
Louisville, KentuckySDF
50%
Tallahassee, FloridaTLH
50%
ArubaAUA
48.6%
Guadalajara, MexicoGDL
48.6%
Manchester, New HampshireMHT
48.6%
St. Croix, Virgin IslandsSTX
48.6%
Huntsville, Decatur, AlabamaHSV
47.2%
Rio De JaneiroGIG
47.2%
Guarulhos, Brazil (Sao Paulo)GRU
47.2%
Edmonton, Alberta, CanadaYEG
47.2%
Managua, NicaraguaMGA
45.8%
San Pedro Sula, HondurasSAP
45.8%
Belize City, BelizeGCM
44.4%
Grand Cayman, Cayman IslandsGCM
44.4%
St. Maarten, NetherlandsSXM
44.4%
Quito, EcuadorUIO
44.4%
BermudaBDA
43.1%
Bridgetown, BarbadosBGI
43.1%
Columbia, South CarolinaCAE
43.1%
Panama City, PanamaPTY
43.1%
Portland, MainePWM
43.1%
Lincoln, NebraskaLNK
41.7%
Santiago, ChileSCL
41.7%
San Salvador, El SalvadorSAL
38.9%
Knoxville, TennesseeTYS
38.9%
Punta Cana, Dominican RepublicPUJ
36.1%
Puerto Plata, Dominican RepublicPOP
34.7%
Puerto Vallarta, MexicoPVR
34.7%
Missoula, MontanaMSO
33.3%
Providenciales, Turks and CaicosPLS
31.9%
St Lucia, St LuciaUVF
29.2%

You're not logged in!

Compare scores with friends on all Sporcle quizzes.
OR
Log In

You Might Also Like...

Show Comments

Extras

Created Oct 8, 2014ReportNominate
Tags:airport, Airport Codes, code

Top Quizzes Today


Score Distribution

Your Account Isn't Verified!

In order to create a playlist on Sporcle, you need to verify the email address you used during registration. Go to your Sporcle Settings to finish the process.

Report this User

Report this user for behavior that violates our Community Guidelines.

Details: